000 01056pam a2200289 a 4500
001 2962277
003 OSt
005 20231229150055.0
008 911129s1992 enka b 001 0 eng
010 _a 91044797
020 _a0415078776 (hbk)
020 _a0415081173 (pbk)
040 _aDLC
_cDLC
_dDLC
050 0 0 _aHE9797
_b.D64 1992
082 0 0 _a387.736
_bDOG/A
100 1 _aDoganis, Rigas
_910243
245 1 4 _aThe airport business /
_cRigas Doganis.
260 _aLondon ;
_aNew York :
_bRoutledge,
_c1992.
300 _axiii, 226 p. :
_bill. ;
_c25 cm.
504 _aIncludes bibliographical references (p. [219]-221) and index.
650 0 _aAirports.
650 0 _aAirports
_xManagement.
856 4 2 _3Publisher description
_uhttp://www.loc.gov/catdir/enhancements/fy0648/91044797-d.html
906 _a7
_bcbc
_corignew
_d1
_eocip
_f19
_gy-gencatlg
942 _2ddc
_cBK
_h387.736
_iDOG/A
_k387.736
_mDOG/A
999 _c44247
_d44247